Εταιρία ένας ζωντανός οργανισμός : επιβίωση σ' ένα αβέβαιο περιβάλλον

Αποθηκεύτηκε σε:
Λεπτομέρειες βιβλιογραφικής εγγραφής
Κύριος συγγραφέας: Geus, Arie de
Άλλοι συγγραφείς: Ανδρέου, Μαρία (trlf), Ζηρίνης, Γιάννης (Επιμελητής έκδοσης)
Μορφή: Βιβλίο
Γλώσσα:Greek
English
Δημοσίευση: Αθήνα : Κριτική, c2001.
Σειρά:Business management (Εκδόσεις Κριτική) ; 10
Θέματα:
Ετικέτες: Προσθήκη ετικέτας
Δεν υπάρχουν, Καταχωρήστε ετικέτα πρώτοι!

MARC

LEADER 00000cam a2200000 i 4500
001 1/32661
008 030212s2002 gr | ||| |||| ||gre||
020 |a 9602182407 
035 |l 10069374 
040 |a GR-MyUA  |b gre  |e AACR2 
041 1 |a gre  |h eng 
082 7 |a 658   |2 (22) 
100 1 |a Geus, Arie de. 
245 1 0 |a Εταιρία ένας ζωντανός οργανισμός :   |b επιβίωση σ' ένα αβέβαιο περιβάλλον /   |c Arie de Geus ; μετάφραση: Μαρία Ανδρέου; επιμέλεια: Γιάννης Ζηρίνης.  
260 |a Αθήνα :   |b Κριτική,   |c c2001.  
300 |a 229 σ.  
490 1 |a (Business management / Εκδόσεις Κριτική ;   |v  10)  
500 |a Τίτλος πρωτοτύπου: The living company.  
650 0 0 |a Industrial management. 
650 0 0 |a Corporations  |x Case studies. 
700 1 |a Ανδρέου, Μαρία,  |e trlf 
700 1 |a Ζηρίνης, Γιάννης,  |e edt 
830 0 |a Business management (Εκδόσεις Κριτική)  |v  ; 10 
852 |a INST  |b CHIOS  |e 20030212  |h 658 GEU  |p 005200013485  |q 005200013485  |t BK  |y 0 
852 |a INST  |b CHIOS  |e 20030212  |h 658 GEU  |p 005200013486  |q 005200013486  |t BK  |y 0 
852 |a INST  |b CHIOS  |e 20030212  |h 658 GEU  |p 005200013487  |q 005200013487  |t BK  |y 0 
852 |a INST  |b CHIOS  |e 20060119  |h 658 GEU  |p 005200024411  |q 005200024411  |t BK  |y 0 
901 |a BIBL2-2003-1 
901 |a BIBL2-2005-3 
909 |a Χ  |b 102747 
909 |a Χ  |b 102748 
909 |a Χ  |b 102749 
909 |a Χ  |b 119828 
970 |a ΧΑΖΙΡΗ  |b ΑΝΝΑ  |z 2003/02/11